[Event "16th EUR-ch"]
[Site "Jerusalem ISR"]
[Date "2015.02.24"]
[Round "1"]
[White "Kudischewitsch, David"]
[Black "Gajewski, Grzegorz"]
[Result "0-1"]
[WhiteElo "2334"]
[BlackElo "2646"]
[EventDate "2015.02.24"]
[PlyCount "108"]

1.d4 Nf6 2.c4 e6 3.a3 c5 4.d5 d6 5.Nc3 exd5 6.cxd5 g6 7.Qd3 Bg7 8.Qe3+ Kf8
9.Qd3 a6 10.a4 Nbd7 11.Nf3 Ng4 12.Nd2 f5 13.g3 Nde5 14.Qc2 Qe7 15.h3 Nf6 
16.Bg2 h5 17.f4 Nf7 18.Nf3 h4 19.Nxh4 Rxh4 20.gxh4 Bd7 21.O-O Re8 22.a5 
Ne4 23.e3 Qxh4 24.Ra3 Nh6 25.Rb3 Nxc3 26.bxc3 Ba4 27.Qb2 Bxb3 28.Qxb3 Re7 
29.c4 Ng8 30.Bd2 Nf6 31.Qb6 Ne8 32.Qb1 Kf7 33.Qc2 Nf6 34.Rb1 Qg3 35.Qd3 
Kg8 36.Rf1 Qh4 37.Rb1 Qg3 38.Rf1 Nh5 39.Rf3 Qh4 40.Rf1 Qf6 41.Rb1 g5 42.
fxg5 Qxg5 43.Rf1 Rf7 44.Rf3 Be5 45.Be1 Rg7 46.Qf1 f4 47.Kh1 Qg6 48.exf4 
Nxf4 49.Rg3 Qxg3 50.Bxg3 Rxg3 51.Qd1 Rxg2 52.Qa4 Rg3 53.Qe8+ Kg7 54.Qe7+ 
Kg6 0-1

[Event "16th EUR-ch"]
[Site "Jerusalem ISR"]
[Date "2015.02.24"]
[Round "1"]
[White "Volokitin, Andrei"]
[Black "Mordechai, Hanan"]
[Result "1-0"]
[WhiteElo "2646"]
[BlackElo "2331"]
[EventDate "2015.02.24"]
[PlyCount "99"]

1.e4 c5 2.Nf3 d6 3.d4 cxd4 4.Nxd4 Nf6 5.Nc3 g6 6.Be3 Bg7 7.f3 O-O 8.Qd2 
Nc6 9.O-O-O d5 10.exd5 Nxd5 11.Nxc6 bxc6 12.Bd4 Bxd4 13.Qxd4 Qb6 14.Na4 
Qa5 15.b3 Qc7 16.Bc4 Nb6 17.Nc5 Bf5 18.Na6 Qb7 19.g4 Nxc4 20.Qxc4 Be6 21.
Qa4 Qb6 22.Qa3 Qe3+ 23.Kb2 Qxf3 24.Nc7 Rad8 25.Rxd8 Qf6+ 26.Kb1 Rxd8 27.g5
Qe5 28.Nxe6 Qxe6 29.Qxa7 Rd5 30.Qb8+ Kg7 31.Qg3 Qe5 32.Rg1 Qxg3 33.Rxg3 f5
34.gxf6+ exf6 35.a4 Kf7 36.b4 f5 37.a5 Rb5 38.Rb3 f4 39.c4 Rf5 40.Rf3 Ke6 
41.a6 Rf7 42.b5 cxb5 43.cxb5 Rf5 44.a7 Rxb5+ 45.Ka2 Ra5+ 46.Ra3 Rxa7 47.
Rxa7 h5 48.Ra5 Kf6 49.Kb2 g5 50.Kc2 1-0

[Event "16th EUR-ch"]
[Site "Jerusalem ISR"]
[Date "2015.02.24"]
[Round "1"]
[White "Zanan, Evgeny"]
[Black "Dreev, Aleksey"]
[Result "1/2-1/2"]
[WhiteElo "2327"]
[BlackElo "2643"]
[EventDate "2015.02.24"]
[PlyCount "135"]

1.d4 g6 2.e4 Bg7 3.Nf3 d6 4.Bc4 e6 5.c3 a6 6.a4 b6 7.Bg5 Ne7 8.Nbd2 Bb7 9.
O-O h6 10.Bf4 g5 11.Be3 Nd7 12.Ne1 Ng6 13.Nd3 Qe7 14.Ba2 Nf6 15.f3 Nh5 16.
a5 b5 17.c4 Nhf4 18.Bb1 bxc4 19.Nxc4 O-O 20.Qd2 Rad8 21.Nxf4 gxf4 22.Bf2 
Qg5 23.Kh1 Nh4 24.Rg1 d5 25.exd5 Bxd5 26.Qe2 Qh5 27.Be4 Nf5 28.Bxf5 Qxf5 
29.Rac1 Bc6 30.Ne5 Bb5 31.Qc2 Qxc2 32.Rxc2 Rc8 33.Nc6 Bxc6 34.Rxc6 Rb8 35.
Rb1 Rb3 36.Rxa6 Rfb8 37.Rc6 Rxb2 38.Rxb2 Rxb2 39.Bg1 Rb1 40.Rc4 Ra1 41.g3 
Rxa5 42.Rxc7 fxg3 43.hxg3 Ra2 44.f4 Rd2 45.Be3 Re2 46.Bg1 Bf6 47.Rc3 Kg7 
48.Rd3 Kg6 49.d5 Kf5 50.dxe6 fxe6 51.Re3 Rc2 52.g4+ Kxf4 53.Rxe6 Bg5 54.
Be3+ Kg3 55.Bxg5 hxg5 56.Re3+ Kf2 57.Re5 Rc8 58.Rf5+ Kg3 59.Kg1 Rc2 60.Rf8
Rc3 61.Rf7 Kxg4 62.Rg7 Kf4 63.Kg2 Rc2+ 64.Kg1 Kg4 65.Rg8 Kh4 66.Ra8 g4 67.
Ra3 g3 68.Ra8 1/2-1/2

[Event "16th EUR-ch"]
[Site "Jerusalem ISR"]
[Date "2015.02.24"]
[Round "1"]
[White "Popov, Ivan"]
[Black "Manakova, Maria"]
[Result "1-0"]
[WhiteElo "2639"]
[BlackElo "2318"]
[EventDate "2015.02.24"]
[PlyCount "69"]

1.e4 e6 2.d4 d5 3.Nc3 Nf6 4.Bg5 dxe4 5.Nxe4 Be7 6.Bxf6 gxf6 7.Qd2 f5 8.Nc3
a6 9.g3 b5 10.Bg2 c6 11.Nf3 O-O 12.Ne5 Qd6 13.O-O-O f6 14.Nf3 Nd7 15.Ne2 
Nb6 16.Nf4 Nc4 17.Qc3 Bd7 18.Rhe1 Bd8 19.Nd2 Nxd2 20.Rxd2 Re8 21.Rde2 Kh8 
22.Nxe6 Ba5 23.Qxa5 Rxe6 24.Qc3 Rae8 25.Rxe6 Rxe6 26.Rxe6 Qxe6 27.b3 Kg7 
28.Qe3 Qd6 29.Qf4 Qe6 30.Qc7 Kg6 31.Kb2 b4 32.a3 Qe1 33.Qxd7 c5 34.axb4 
cxb4 35.Bd5 1-0

[Event "16th EUR-ch"]
[Site "Jerusalem ISR"]
[Date "2015.02.24"]
[Round "1"]
[White "Aharon, Ofir"]
[Black "Ivanisevic, Ivan"]
[Result "0-1"]
[WhiteElo "2311"]
[BlackElo "2638"]
[EventDate "2015.02.24"]
[PlyCount "100"]

1.e4 e6 2.d4 d5 3.Nd2 dxe4 4.Nxe4 Nf6 5.Nxf6+ gxf6 6.Nf3 Nc6 7.Be3 Qd7 8.
g3 b6 9.Bg2 Bb7 10.O-O O-O-O 11.c4 h5 12.Qe2 Kb8 13.Rfd1 Ne7 14.a4 Nf5 15.
a5 h4 16.axb6 cxb6 17.c5 Nxe3 18.Qxe3 bxc5 19.Qa3 a6 20.Nxh4 cxd4 21.Qb3 
Qb5 22.Qxb5 axb5 23.Ra5 Rh5 24.Rda1 Bb4 25.Bxb7 Bxa5 26.Bf3 Rxh4 27.gxh4 
Bd2 28.Ra8+ Kc7 29.Rxd8 Kxd8 30.Kf1 f5 31.Ke2 Bc1 32.b3 e5 33.Bc6 Kc7 34.
Bxb5 Kd6 35.f3 e4 36.Bc4 Ke5 37.fxe4 fxe4 38.Bxf7 d3+ 39.Kd1 Ba3 40.Bg6 
Kd4 41.Bf5 e3 42.Bg4 Kc3 43.h5 Bf8 44.h6 Bxh6 45.Bf3 Kxb3 46.Bg4 Kc3 47.
Bf3 Kd4 48.Bh5 Bf8 49.Bg4 Ke4 50.Bh5 Kf4 0-1

[Event "16th EUR-ch"]
[Site "Jerusalem ISR"]
[Date "2015.02.24"]
[Round "1"]
[White "Najer, Evgeniy"]
[Black "Vasiliev, Olga"]
[Result "1-0"]
[WhiteElo "2634"]
[BlackElo "2296"]
[EventDate "2015.02.24"]
[PlyCount "209"]

1.e4 c5 2.Nf3 Nc6 3.d4 cxd4 4.Nxd4 e5 5.Nb5 d6 6.c4 Be7 7.N1c3 a6 8.Na3 f5
9.exf5 Bxf5 10.Bd3 Be6 11.O-O Nf6 12.Nc2 Rc8 13.Ne3 O-O 14.b3 Qe8 15.Bf5 
Bxf5 16.Nxf5 Rd8 17.Ba3 Qg6 18.Qd3 e4 19.Nxe7+ Nxe7 20.Qe2 Rfe8 21.f3 e3 
22.Qxe3 Ned5 23.Qd2 Nxc3 24.Qxc3 Re2 25.Rf2 Rde8 26.Bxd6 R8e3 27.Qb4 Rxf2 
28.Kxf2 Re6 29.Rd1 Qf5 30.Kg1 Re2 31.Qc3 Rxa2 32.Bg3 h5 33.h4 a5 34.Kh2 b5
35.c5 Rc2 36.Qxa5 Qxf3 37.Qd8+ Kh7 38.Qd3+ Qxd3 39.Rxd3 Ng4+ 40.Kh3 Rc1 
41.Bf4 Rxc5 42.Kg3 Kg6 43.Bb8 Kf5 44.b4 Ne5 45.Bxe5 Rxe5 46.Kf3 g5 47.hxg5
Kxg5 48.Rd8 Rf5+ 49.Kg3 Re5 50.Kh3 Kf5 51.Kh4 Ke4 52.Rd1 Rf5 53.g3 Ke3 54.
Rd8 Kf3 55.Rd3+ Ke4 56.Rd2 Ke3 57.Rd1 Ke2 58.Rc1 Kf2 59.Rc2+ Kf3 60.Rc5 
Rxc5 61.bxc5 b4 62.c6 b3 63.c7 b2 64.c8=Q b1=Q 65.Qc6+ Kf2 66.Qc5+ Kf3 67.
Qxh5+ Kf2 68.Qc5+ Kf3 69.Qd5+ Kf2 70.Qd4+ Kf3 71.Qd5+ Kf2 72.g4 Qh7+ 73.
Kg5 Qg7+ 74.Kf4 Qc7+ 75.Qe5 Qc4+ 76.Kf5 Qc8+ 77.Qe6 Qc5+ 78.Kg6 Kg3 79.g5 
Kf4 80.Qf7+ Kg4 81.Qd7+ Kf4 82.Qd2+ Kg4 83.Qg2+ Kf4 84.Kh5 Qc8 85.Qf2+ Ke4
86.Qf6 Qh3+ 87.Kg6 Qd7 88.Kh6 Qh3+ 89.Kg7 Qd7+ 90.Qf7 Qd4+ 91.Kh7 Qg1 92.
Qc4+ Kf5 93.Qd5+ Kf4 94.g6 Qh2+ 95.Kg8 Kg4 96.g7 Qc7 97.Kh7 Qc2+ 98.Kh6 
Qh2+ 99.Kg6 Qc2+ 100.Kf6 Qb2+ 101.Kf7 Qf2+ 102.Ke8 Qe3+ 103.Kd8 Qb6+ 104.
Ke7 Qb4+ 105.Qd6 1-0

[Event "16th EUR-ch"]
[Site "Jerusalem ISR"]
[Date "2015.02.24"]
[Round "1"]
[White "Bartel, Mateusz"]
[Black "Erenberg, Ariel"]
[Result "1/2-1/2"]
[WhiteElo "2631"]
[BlackElo "2278"]
[EventDate "2015.02.24"]
[PlyCount "100"]

1.e4 c5 2.Nf3 e6 3.d4 cxd4 4.Nxd4 Nc6 5.Nc3 Qc7 6.g3 a6 7.Bg2 Nf6 8.O-O 
Nxd4 9.Qxd4 Bc5 10.Qd1 d6 11.Bg5 Nd7 12.Na4 Ba7 13.c4 h6 14.Bd2 O-O 15.Bb4
Nc5 16.Nc3 Bd7 17.Ba3 a5 18.Kh1 Bc6 19.f4 Rfe8 20.Qd2 Rad8 21.Rad1 Qe7 22.
b3 Bb6 23.Bb2 Rd7 24.Rde1 Bd8 25.Qc2 Qf8 26.a3 Na6 27.Rd1 b6 28.e5 Bxg2+ 
29.Qxg2 Nb8 30.Nb5 Be7 31.f5 exf5 32.exd6 Bxd6 33.Rd5 Bc5 34.Rdxf5 Re6 35.
Rd5 Rde7 36.Nd4 Re1 37.Bc3 Rxf1+ 38.Qxf1 Bxd4 39.Bxd4 Qe8 40.Bf2 Nc6 41.
Qd3 Ne5 42.Qd4 Nc6 43.Qd3 Ne5 44.Qf5 g6 45.Qf4 Qc6 46.Kg1 Qe6 47.Qxh6 Ng4 
48.Qd2 Nxf2 49.Qxf2 Qg4 50.Rd4 Re1+ 1/2-1/2

[Event "16th EUR-ch"]
[Site "Jerusalem ISR"]
[Date "2015.02.24"]
[Round "1"]
[White "Bakalchuk, Johnatan"]
[Black "Hracek, Zbynek"]
[Result "0-1"]
[WhiteElo "2272"]
[BlackElo "2631"]
[EventDate "2015.02.24"]
[PlyCount "90"]

1.e4 e5 2.Nf3 Nc6 3.Bc4 Bc5 4.O-O Nf6 5.d4 Bxd4 6.Nxd4 Nxd4 7.f4 d6 8.fxe5
dxe5 9.Bg5 Qe7 10.c3 Ne6 11.Bxf6 Qc5+ 12.Kh1 Qxc4 13.Bxe5 Qxe4 14.Bxc7 O-O
15.Bg3 b6 16.Nd2 Qc6 17.Qf3 Bb7 18.Qxc6 Bxc6 19.Rfe1 Rad8 20.Nc4 h5 21.Kg1
g5 22.h4 Rd3 23.Bf2 Rd5 24.Ne5 Bb7 25.hxg5 Nxg5 26.a4 Re8 27.Nc4 Rc8 28.
Ne3 Rd2 29.Nf5 Rc4 30.Re8+ Kh7 31.Bd4 Rcxd4 32.cxd4 Bxg2 33.Ra3 Nf3+ 34.
Rxf3 Bxf3 35.Re7 Bg4 36.Ne3 Kg6 37.Rxa7 Rxd4 38.Ra6 Kg5 39.Rxb6 Rxa4 40.b4
Ra1+ 41.Kf2 Ra2+ 42.Kf1 f5 43.Rd6 Rb2 44.Rd4 h4 45.b5 h3 0-1

[Event "16th EUR-ch"]
[Site "Jerusalem ISR"]
[Date "2015.02.24"]
[Round "1"]
[White "Kozul, Zdenko"]
[Black "Fischer, Sebastian"]
[Result "1/2-1/2"]
[WhiteElo "2630"]
[BlackElo "2256"]
[EventDate "2015.02.24"]
[PlyCount "119"]

1.d4 f5 2.g3 Nf6 3.Bg2 e6 4.c4 c6 5.Qc2 Be7 6.Nf3 O-O 7.O-O d5 8.Ne5 Ne4 
9.Nd2 Bf6 10.Ndf3 b6 11.b3 c5 12.cxd5 exd5 13.Bb2 Bb7 14.Rac1 a5 15.Rfd1 
Na6 16.Qb1 Qe7 17.e3 Rac8 18.h4 g6 19.Bf1 Nb4 20.a3 Nc6 21.Nxc6 Bxc6 22.
Ne5 Bxe5 23.dxe5 g5 24.hxg5 Qxg5 25.Rc2 Qh6 26.f4 Kf7 27.Rh2 Qg6 28.Rg2 h5
29.Bd3 Ke6 30.Qc2 Rg8 31.Bxe4 fxe4 32.Kf2 Qg4 33.Qe2 Qxe2+ 34.Kxe2 Rg4 35.
Kf2 Rcg8 36.Rh1 Be8 37.Bc3 h4 38.Rxh4 Rxh4 39.gxh4 Rxg2+ 40.Kxg2 Bh5 41.
Kf2 Kf5 42.Ke1 Bf7 43.b4 axb4 44.axb4 Kg4 45.Kd2 Be6 46.b5 Kxh4 47.Ba5 Bd7
48.Bxb6 Kg4 49.Bxc5 Bxb5 50.e6 Kf5 51.e7 Ke6 52.Kc3 Be8 53.Kd4 Bf7 54.Bb4 
Kd7 55.Ke5 Ke8 56.Kf6 Bg8 57.Bc5 Bf7 58.f5 Bh5 59.Kg7 Bf7 60.Kf6 1/2-1/2

[Event "16th EUR-ch"]
[Site "Jerusalem ISR"]
[Date "2015.02.24"]
[Round "1"]
[White "Zisman, Philip"]
[Black "Khairullin, Ildar"]
[Result "0-1"]
[WhiteElo "2238"]
[BlackElo "2629"]
[EventDate "2015.02.24"]
[PlyCount "100"]

1.d4 d5 2.c4 c6 3.Nc3 dxc4 4.e4 b5 5.a4 b4 6.Na2 Nf6 7.e5 Nd5 8.Bxc4 Bf5 
9.Ne2 e6 10.Ng3 Bg6 11.Be3 Be7 12.Nc1 O-O 13.O-O c5 14.Bxd5 Qxd5 15.dxc5 
Qxe5 16.Nd3 Qd5 17.Nxb4 Qb7 18.Qf3 Qxf3 19.gxf3 a5 20.Na2 Nd7 21.b4 axb4 
22.Nxb4 Bxc5 23.Bxc5 Nxc5 24.a5 Nb3 25.Ra3 Nxa5 26.Rfa1 Rab8 27.Na6 Nc4 
28.Nxb8 Nxa3 29.Nc6 Nb5 30.f4 Re8 31.f5 exf5 32.Nxf5 Kf8 33.Ng3 Bd3 34.Rd1
Bc4 35.f4 f6 36.Nd4 Nd6 37.Ndf5 Nf7 38.Rc1 Be6 39.Nd4 Bh3 40.Kf2 Nh6 41.
Kf3 g6 42.Nf1 Rd8 43.Nc2 Bxf1 44.Rxf1 Rd3+ 45.Kg2 Nf5 46.Rf2 Rc3 47.Kg1 
Kf7 48.Re2 Rc4 49.Rf2 Ke6 50.Ne1 Nh4 0-1

[Event "16th EUR-ch"]
[Site "Jerusalem ISR"]
[Date "2015.02.24"]
[Round "1"]
[White "Salgado Lopez, Ivan"]
[Black "Belytsky, Alexandr"]
[Result "1-0"]
[WhiteElo "2628"]
[BlackElo "2227"]
[EventDate "2015.02.24"]
[PlyCount "83"]

1.d4 Nf6 2.Bg5 d5 3.e3 e6 4.Nd2 c5 5.c3 Nc6 6.Ngf3 Bd6 7.Bd3 O-O 8.O-O h6 
9.Bh4 b6 10.Re1 Be7 11.Rc1 Bb7 12.Bg3 Nh5 13.Be5 Nxe5 14.dxe5 f5 15.exf6 
Nxf6 16.e4 Re8 17.Qe2 Bf8 18.Bb1 e5 19.exd5 Qxd5 20.Ne4 Nxe4 21.Bxe4 Qxe4 
22.Qxe4 Bxe4 23.Rxe4 Bd6 24.Rd1 Re6 25.Kf1 Kf7 26.Ke2 Kf6 27.h4 b5 28.Rd5 
Rb8 29.h5 Rb6 30.Nd2 Ra6 31.a3 Rb6 32.c4 b4 33.a4 Kg5 34.g4 b3 35.f4+ Kf6 
36.f5 Re7 37.Re3 Rd7 38.a5 Rb4 39.Ne4+ Ke7 40.Red3 Rxc4 41.Nxd6 Rc2+ 42.
Ke3 1-0

[Event "16th EUR-ch"]
[Site "Jerusalem ISR"]
[Date "2015.02.24"]
[Round "1"]
[White "Gershkowich, David"]
[Black "Lupulescu, Constantin"]
[Result "0-1"]
[WhiteElo "2227"]
[BlackElo "2626"]
[EventDate "2015.02.24"]
[PlyCount "110"]

1.e4 c6 2.c4 d5 3.exd5 cxd5 4.cxd5 Nf6 5.Nc3 Nxd5 6.Nf3 Nxc3 7.bxc3 g6 8.
h4 Bg7 9.h5 Nc6 10.Bc4 Qc7 11.Qe2 Ne5 12.Bb5+ Bd7 13.Bxd7+ Nxd7 14.Ba3 Ne5
15.O-O Nxf3+ 16.Qxf3 O-O 17.Rab1 Rab8 18.Qe3 Bf6 19.Rfe1 b6 20.Qh6 Rfd8 
21.Re4 Rd5 22.hxg6 hxg6 23.Qe3 e6 24.c4 Rh5 25.g3 Kg7 26.Bb2 Bxb2 27.Rxb2 
Rbh8 28.Kf1 Rh1+ 29.Ke2 Rc1 30.Qd4+ Kg8 31.Rb5 Qc8 32.Kd3 Rch1 33.Qf6 Qf8 
34.Rg5 R8h5 35.Rd4 Rxg5 36.Qxg5 Rh5 37.Qd8 Ra5 38.Qf6 Rf5 39.Qd8 Rxf2 40.
Rd7 Qxd8 41.Rxd8+ Kg7 42.Rd7 Rf3+ 43.Kc2 Rxg3 44.Rxa7 Rg5 45.Rb7 Ra5 46.
Kb3 g5 47.Rxb6 g4 48.Kb2 g3 49.Kc3 Kh6 50.Kd3 g2 51.Rb1 Rg5 52.Rg1 Kh5 53.
c5 Kh4 54.Kc4 Kg3 55.c6 f5 0-1

[Event "16th EUR-ch"]
[Site "Jerusalem ISR"]
[Date "2015.02.24"]
[Round "1"]
[White "Zalkind, Konstantin"]
[Black "Van Kampen, Robin"]
[Result "0-1"]
[WhiteElo "2222"]
[BlackElo "2626"]
[EventDate "2015.02.24"]
[PlyCount "80"]

1.e4 c5 2.Nf3 Nc6 3.Bb5 g6 4.O-O Bg7 5.Re1 e5 6.d3 Nge7 7.Bg5 h6 8.Bxe7 
Nxe7 9.Nc3 O-O 10.Bc4 d6 11.Nd5 Kh7 12.c3 f5 13.Nxe7 Qxe7 14.d4 fxe4 15.
Rxe4 Bf5 16.Re3 e4 17.Bd5 cxd4 18.cxd4 Rae8 19.Qe1 g5 20.h3 Bg6 21.Rd1 Rf4
22.Nh2 Bf7 23.Bxf7 Rxf7 24.Nf1 d5 25.Ng3 Qd6 26.Rd2 Qg6 27.Qd1 Bf8 28.Rc2 
Bd6 29.Nf1 h5 30.Rec3 g4 31.h4 g3 32.fxg3 Ref8 33.Ne3 Bxg3 34.Nxd5 Qg4 35.
Rc1 Qxh4 36.Rxg3 Qxg3 37.Qxh5+ Kg8 38.Qh6 Qf2+ 39.Kh2 Rh7 40.Ne7+ Rxe7 0-1

[Event "16th EUR-ch"]
[Site "Jerusalem ISR"]
[Date "2015.02.24"]
[Round "1"]
[White "Kempinski, Robert"]
[Black "Gorodetzky, David"]
[Result "1-0"]
[WhiteElo "2625"]
[BlackElo "2210"]
[EventDate "2015.02.24"]
[PlyCount "93"]

1.d4 e6 2.c4 Nf6 3.Nf3 b6 4.e3 Bb7 5.Bd3 Bb4+ 6.Nbd2 O-O 7.O-O d5 8.a3 Be7
9.b4 c5 10.bxc5 bxc5 11.Rb1 Qc7 12.cxd5 exd5 13.dxc5 Nbd7 14.Bb2 Nxc5 15.
Bxf6 Nxd3 16.Bxe7 Qxe7 17.Qa4 a5 18.Nd4 Nc5 19.Nf5 Qg5 20.Qd4 Qxf5 21.Qxc5
Ba6 22.Rfc1 Bd3 23.Rb7 Ba6 24.Rc7 a4 25.h3 h6 26.e4 Qe5 27.Qxd5 Qb2 28.Rb1
Qxa3 29.Rxf7 Kh8 30.Rd7 Rac8 31.Rb6 Qa1+ 32.Kh2 Rf6 33.Rdd6 Rxd6 34.Rxd6 
Bb7 35.Qxb7 Qe5+ 36.g3 Rf8 37.Qb6 a3 38.Rd5 Qc3 39.Nb1 Qe1 40.Rd2 Rc8 41.
Qb3 Kh7 42.Qf7 Qxe4 43.Rd7 Qe5 44.Nxa3 Rc6 45.Nc4 Qg5 46.h4 Qg4 47.Ne5 1-0

[Event "16th EUR-ch"]
[Site "Jerusalem ISR"]
[Date "2015.02.24"]
[Round "1"]
[White "Marusenko, Petr"]
[Black "Romanov, Evgeny"]
[Result "0-1"]
[WhiteElo "2205"]
[BlackElo "2625"]
[EventDate "2015.02.24"]
[PlyCount "74"]

1.d4 Nf6 2.c4 e6 3.Nc3 Bb4 4.e3 O-O 5.Bd3 c5 6.Nf3 d5 7.O-O dxc4 8.Bxc4 b6
9.a3 Bxc3 10.bxc3 Bb7 11.Qe2 Qc8 12.Bd3 Be4 13.Bb2 Bxd3 14.Qxd3 Qa6 15.
Qxa6 Nxa6 16.c4 cxd4 17.exd4 Rfc8 18.Rac1 Ne4 19.d5 Nac5 20.Rfd1 exd5 21.
cxd5 Na4 22.Rxc8+ Rxc8 23.Ba1 Nec3 24.Re1 Nxd5 25.Nd4 Kf8 26.g3 g6 27.Kg2 
a6 28.h4 h5 29.Kf3 b5 30.g4 hxg4+ 31.Kxg4 Nac3 32.Nf3 Rc4+ 33.Kg3 Ne4+ 34.
Kg2 Nf4+ 35.Kf1 Nd3 36.Ne5 Nxe1 37.Nxc4 Nc2 0-1

[Event "16th EUR-ch"]
[Site "Jerusalem ISR"]
[Date "2015.02.24"]
[Round "1"]
[White "Katzir, Moshe"]
[Black "Georgiev, Kiril"]
[Result "0-1"]
[WhiteElo "2196"]
[BlackElo "2623"]
[EventDate "2015.02.24"]
[PlyCount "76"]

1.e4 c5 2.Nf3 d6 3.Bb5+ Bd7 4.Bxd7+ Qxd7 5.O-O Nf6 6.Qe2 Nc6 7.Rd1 Rc8 8.
c3 e6 9.d4 cxd4 10.cxd4 d5 11.e5 Ne4 12.Be3 Be7 13.Ne1 f6 14.f3 Ng5 15.Nd3
O-O 16.f4 Ne4 17.Nd2 f5 18.Rac1 b6 19.Nxe4 dxe4 20.Nf2 Nb4 21.b3 Nd5 22.
Rf1 Ba3 23.Rc4 b5 24.Rc5 Bxc5 25.dxc5 Rfd8 26.Rc1 Nxe3 27.Qxe3 Qd2 28.Qxd2
Rxd2 29.Nd1 Kf7 30.b4 a6 31.Nc3 Rb2 32.a3 Rb3 33.Nb1 Ke7 34.Kf1 Rd8 35.c6 
Rc8 36.g4 g6 37.Ke2 Rb2+ 38.Nd2 Rd8 0-1

[Event "16th EUR-ch"]
[Site "Jerusalem ISR"]
[Date "2015.02.24"]
[Round "1"]
[White "Bukavshin, Ivan"]
[Black "Kraus, Ohad"]
[Result "1-0"]
[WhiteElo "2622"]
[BlackElo "2190"]
[EventDate "2015.02.24"]
[PlyCount "113"]

1.d4 Nf6 2.c4 g6 3.Nc3 Bg7 4.e4 d6 5.f3 O-O 6.Be3 c5 7.dxc5 dxc5 8.Bxc5 
Nc6 9.Be3 Qa5 10.Qa4 Qxa4 11.Nxa4 Rd8 12.Rc1 Nd7 13.Nh3 Nb6 14.Nc3 Bxh3 
15.gxh3 Ne5 16.Nd5 e6 17.Nxb6 axb6 18.Bxb6 Rd7 19.a3 Nxf3+ 20.Kf2 Nd2 21.
Rc2 Nxe4+ 22.Ke2 Bd4 23.c5 Nf6 24.Bg2 Rc8 25.Rd1 e5 26.b4 Nd5 27.Bxd5 Rxd5
28.b5 Kf8 29.a4 Ke8 30.a5 Rd6 31.Rc4 Rf6 32.Rf1 Rxb6 33.axb6 Rxc5 34.Rxc5 
Bxc5 35.Rc1 Bxb6 36.Rc8+ Bd8 37.Rb8 b6 38.Rb7 h5 39.h4 Kf8 40.Rd7 Be7 41.
Rc7 Ke8 42.Rc6 Bc5 43.Kd3 Bg1 44.Ke4 Bxh2 45.Rxb6 f5+ 46.Kd5 Kf7 47.Re6 e4
48.b6 Bg3 49.b7 Bb8 50.Re5 Bc7 51.Kd4 Bb6+ 52.Kc3 Bc7 53.Rc5 Bg3 54.Kd2 
Ke6 55.Rc6+ Kf7 56.Rc8 Ke6 57.Ke3 1-0

[Event "16th EUR-ch"]
[Site "Jerusalem ISR"]
[Date "2015.02.24"]
[Round "1"]
[White "Chuvnik, Mordechai"]
[Black "Swiercz, Dariusz"]
[Result "0-1"]
[WhiteElo "2189"]
[BlackElo "2617"]
[EventDate "2015.02.24"]
[PlyCount "84"]

1.c4 e5 2.Nc3 Nf6 3.Nf3 Nc6 4.d3 g6 5.Nd5 Bg7 6.Bg5 h6 7.Bxf6 Bxf6 8.Nxf6+
Qxf6 9.Nd2 d6 10.e3 O-O 11.Be2 Qe7 12.O-O Be6 13.Bf3 f5 14.Bxc6 bxc6 15.d4
Qf6 16.dxe5 Qxe5 17.Qc2 c5 18.Rae1 Rae8 19.Rc1 a5 20.a4 Bd7 21.b3 Rb8 22.
Qc3 Rb4 23.Qxe5 dxe5 24.Rc3 Bc6 25.Ra1 Rd8 26.Nf1 e4 27.g3 Kf7 28.Kg2 Rd3 
29.Rxd3 exd3+ 30.f3 Rxb3 31.Ra2 Rc3 32.Nd2 Rc2 33.Rxc2 dxc2 34.Nb3 Bxa4 
35.Nc1 Bd7 36.Kf2 Be6 37.Ke2 Bxc4+ 38.Kd2 Bd5 39.Kxc2 Bxf3 40.Nb3 Ke7 41.
Nxc5 Kd6 42.Nb3 a4 0-1

[Event "16th EUR-ch"]
[Site "Jerusalem ISR"]
[Date "2015.02.24"]
[Round "1"]
[White "Demchenko, Anton"]
[Black "Hasidovsky, Michael"]
[Result "1-0"]
[WhiteElo "2615"]
[BlackElo "2187"]
[EventDate "2015.02.24"]
[PlyCount "109"]

1.e4 e6 2.d4 d5 3.Nd2 c5 4.exd5 exd5 5.Ngf3 Nf6 6.Bb5+ Bd7 7.Bxd7+ Nbxd7 
8.O-O Be7 9.dxc5 Nxc5 10.Nb3 Nce4 11.Nfd4 O-O 12.Nf5 Re8 13.Nxe7+ Qxe7 14.
Be3 b6 15.Re1 Qc7 16.Bd4 Qc6 17.c3 Rad8 18.f3 Nc5 19.Rxe8+ Nxe8 20.Bf2 Ne6
21.Nd4 Nxd4 22.Qxd4 Nc7 23.a4 Ne6 24.Qb4 h6 25.a5 Nc5 26.Rd1 Rd7 27.axb6 
axb6 28.Qd4 Qg6 29.Qd2 Qc6 30.Qe3 Qe6 31.Qf4 Rb7 32.h3 Qc6 33.Qe5 Rd7 34.
Qe8+ Kh7 35.Ra1 Qe6 36.Qb8 Qd6 37.Qc8 Qc7 38.Qxc7 Rxc7 39.Rd1 Rd7 40.Rd4 
f5 41.g4 Kg6 42.Rb4 Rd6 43.Rb5 fxg4 44.hxg4 Rc6 45.Bd4 Kf7 46.Kg2 g6 47.
Kg3 g5 48.Kf2 Kg6 49.Ke3 h5 50.gxh5+ Kxh5 51.Be5 g4 52.fxg4+ Kxg4 53.Kd4 
Kf5 54.Kxd5 Re6 55.Bd6 1-0

[Event "16th EUR-ch"]
[Site "Jerusalem ISR"]
[Date "2015.02.24"]
[Round "1"]
[White "Slonimskij, Arkadij"]
[Black "Erdos, Viktor"]
[Result "0-1"]
[WhiteElo "2176"]
[BlackElo "2615"]
[EventDate "2015.02.24"]
[PlyCount "50"]

1.d4 Nf6 2.c4 g6 3.Nc3 d5 4.cxd5 Nxd5 5.Na4 Bg7 6.e4 Nb6 7.Be3 O-O 8.Nf3 
Bg4 9.Nc5 Nc6 10.d5 Ne5 11.Rc1 e6 12.Nxb7 Qc8 13.Nd6 Qd8 14.Nb7 Qb8 15.Ba6
exd5 16.exd5 Nxf3+ 17.gxf3 Bc8 18.Nc5 Rd8 19.O-O Nxd5 20.Bg5 Rd6 21.Bxc8 
Qxc8 22.Ne4 Qh3 23.Qb3 Rd7 24.Rfd1 Rad8 25.Bxd8 Nf4 0-1

[Event "16th EUR-ch"]
[Site "Jerusalem ISR"]
[Date "2015.02.24"]
[Round "1"]
[White "Pantsulaia, Levan"]
[Black "Drori, Saar"]
[Result "1/2-1/2"]
[WhiteElo "2615"]
[BlackElo "2173"]
[EventDate "2015.02.24"]
[PlyCount "96"]

1.Nf3 c5 2.c4 Nf6 3.Nc3 e6 4.g3 b6 5.Bg2 Bb7 6.O-O Be7 7.d4 cxd4 8.Qxd4 d6
9.Bg5 O-O 10.Rfd1 Nc6 11.Qf4 Qb8 12.Bxf6 Bxf6 13.Rxd6 Na5 14.Rad1 Rc8 15.
Ne4 Bxe4 16.Qxe4 Nxc4 17.Rc6 Rxc6 18.Qxc6 Nxb2 19.Rd2 Qe8 20.Ne5 Rc8 21.
Qxe8+ Rxe8 22.Nc6 a5 23.f4 g6 24.e4 Nc4 25.Rd7 Bb2 26.Nd8 Ba3 27.Nc6 Bc5+ 
28.Kh1 Ne3 29.Bf3 Nc2 30.a4 Nb4 31.Ne5 Re7 32.Rd8+ Kg7 33.Be2 f6 34.Nc4 
Nc6 35.Rc8 Nd4 36.Bd3 Rd7 37.Kg2 Nb3 38.Be2 Nd2 39.Nxa5 Nxe4 40.Nb3 Be7 
41.Bb5 Rd6 42.Rc7 Kf8 43.g4 h6 44.h4 g5 45.Kf3 Nd2+ 46.Nxd2 Rxd2 47.hxg5 
hxg5 48.fxg5 fxg5 1/2-1/2

[Event "16th EUR-ch"]
[Site "Jerusalem ISR"]
[Date "2015.02.24"]
[Round "1"]
[White "Gal, Moshe"]
[Black "Andriasian, Zaven"]
[Result "1/2-1/2"]
[WhiteElo "2154"]
[BlackElo "2612"]
[EventDate "2015.02.24"]
[PlyCount "92"]

1.d4 Nf6 2.Nf3 g6 3.Bf4 Bg7 4.e3 d6 5.h3 O-O 6.Be2 Nbd7 7.O-O Qe8 8.Bh2 e5
9.c4 Qe7 10.Nc3 e4 11.Nd2 c6 12.b4 Re8 13.Qc2 Nf8 14.c5 d5 15.b5 g5 16.
Rfb1 Ng6 17.Qa4 Qe6 18.Nb3 Bd7 19.Na5 g4 20.Nxb7 gxh3 21.bxc6 Bxc6 22.Qa6 
Ne7 23.Na5 Ng4 24.gxh3 Nxh2 25.Kxh2 Qf5 26.Kg2 Qg5+ 27.Kf1 Bd7 28.Ke1 Bxh3
29.Kd2 Ng6 30.Rg1 Qh6 31.Rh1 Bxd4 32.Rag1 Be5 33.Nc6 d4 34.Nxe4 dxe3+ 35.
fxe3 Bf4 36.Nf6+ Kh8 37.Nxe8 Bxe3+ 38.Kd1 Rxe8 39.Ne5 Qg7 40.Rxg6 fxg6 41.
Nxg6+ Qxg6 42.Qxg6 hxg6 43.Rxh3+ Kg7 44.c6 Bb6 45.Rc3 Kf6 46.Bg4 Re7 
1/2-1/2

[Event "16th EUR-ch"]
[Site "Jerusalem ISR"]
[Date "2015.02.24"]
[Round "1"]
[White "Grandelius, Nils"]
[Black "Ciobanu, Camelia-Adriana"]
[Result "1-0"]
[WhiteElo "2609"]
[BlackElo "2152"]
[EventDate "2015.02.24"]
[PlyCount "53"]

1.e4 e6 2.d4 d5 3.Nc3 Nf6 4.Bg5 Bb4 5.e5 h6 6.Be3 Ne4 7.Qg4 g6 8.a3 Ba5 9.
Ne2 h5 10.Qh3 c5 11.dxc5 Nc6 12.b4 Nxc3 13.Nxc3 Bc7 14.f4 g5 15.Bb5 f6 16.
O-O fxe5 17.fxg5 e4 18.g6 Be5 19.Nxe4 dxe4 20.Rad1 Qc7 21.Rf7 Bxh2+ 22.
Qxh2 Qxh2+ 23.Kxh2 Rg8 24.Bxc6+ bxc6 25.Bg5 Ba6 26.Rdd7 Rxg6 27.Rde7+ 1-0

[Event "16th EUR-ch"]
[Site "Jerusalem ISR"]
[Date "2015.02.24"]
[Round "1"]
[White "Kunin, Michael"]
[Black "Solak, Dragan"]
[Result "0-1"]
[WhiteElo "2147"]
[BlackElo "2607"]
[EventDate "2015.02.24"]
[PlyCount "68"]

1.e4 c5 2.Nf3 e6 3.d4 cxd4 4.Nxd4 a6 5.c4 Nf6 6.Bd3 Nc6 7.Nxc6 dxc6 8.O-O 
e5 9.Kh1 Bc5 10.Bg5 h6 11.Bxf6 Qxf6 12.Nd2 Be6 13.Nb3 Qe7 14.Qc2 O-O-O 15.
Rab1 Bd4 16.Nc1 c5 17.a3 Rd6 18.b4 Rhd8 19.Be2 Qc7 20.Nd3 g6 21.Qb3 Rb6 
22.Qa2 Kb8 23.bxc5 Bxc5 24.Nb4 Ka7 25.Nd5 Bxd5 26.cxd5 Rxb1 27.Rxb1 Bd4 
28.Kg1 Rd6 29.Qd2 Qc5 30.Rc1 Qxa3 31.Qxh6 Qb2 32.Re1 Rf6 33.Qc1 Qxc1 34.
Rxc1 Rxf2 0-1

[Event "16th EUR-ch"]
[Site "Jerusalem ISR"]
[Date "2015.02.24"]
[Round "1"]
[White "Zubov, Alexander"]
[Black "Shtivelband, Vladimir"]
[Result "1-0"]
[WhiteElo "2607"]
[BlackElo "2141"]
[EventDate "2015.02.24"]
[PlyCount "61"]

1.d4 d5 2.c4 c6 3.Nf3 Nf6 4.Qb3 Qb6 5.Qc2 g6 6.cxd5 Bf5 7.Qa4 Nxd5 8.Nc3 
Nd7 9.Nh4 Qb4 10.Nxf5 Qxa4 11.Nxa4 gxf5 12.e3 e6 13.Bd2 Rg8 14.g3 N7b6 15.
Nc3 a6 16.Rc1 Rc8 17.Be2 Be7 18.h3 Nf6 19.Bf3 Nc4 20.Rc2 Nb6 21.Ke2 Kd7 
22.b3 Nbd5 23.Na4 Ne4 24.Ba5 b5 25.Nb6+ Nxb6 26.Bxb6 Rb8 27.Ba7 Ra8 28.Bb6
Rab8 29.Ba7 Ra8 30.Bxe4 fxe4 31.Bc5 1-0

[Event "16th EUR-ch"]
[Site "Jerusalem ISR"]
[Date "2015.02.24"]
[Round "1"]
[White "Ben-Natan, Yigal"]
[Black "Goganov, Aleksey"]
[Result "0-1"]
[WhiteElo "2138"]
[BlackElo "2605"]
[EventDate "2015.02.24"]
[PlyCount "48"]

1.d4 Nf6 2.c4 e6 3.Nc3 Bb4 4.Qc2 d6 5.Bd2 O-O 6.Nf3 Nbd7 7.a3 Bxc3 8.Bxc3 
Qe7 9.e3 e5 10.dxe5 dxe5 11.Be2 b6 12.O-O Bb7 13.b4 Ne4 14.Bb2 a5 15.Rfd1 
Rfd8 16.Qb3 Bc6 17.Rxd7 Qxd7 18.Bxe5 axb4 19.axb4 Rxa1+ 20.Bxa1 Ba4 21.Qb2
Qd1+ 22.Bf1 f6 23.Qa3 Qc2 24.Qb2 Rd1 0-1